[Event "Brest Black Pawn H op 2nd"]
[Site "Brest"]
[Date "2018.11.03"]
[Round "3"]
[White "Stasenko, Alexey"]
[Black "Borodulin, Pavel"]
[Result "1-0"]
[WhiteElo "2051"]
[BlackElo "1516"]
[PlyCount "77"]
[EventDate "2018.11.02"]
[EventType "swiss"]
[EventRounds "5"]
[EventCountry "BLR"]
[SourceTitle "CBM 187 Extra"]
[Source "ChessBase"]
[SourceDate "2018.11.04"]
[SourceVersion "1"]
[SourceVersionDate "2018.11.04"]
[SourceQuality "1"]

1. e4 c5 2. c3 d6 3. d4 cxd4 4. cxd4 Nf6 5. Nc3 g6 6. Bf4 Bg7 7. Nf3 0-0 8. Be2 Qa5 9. 0-0 Bg4 10. h3 Bxf3 11. Bxf3 Nc6 12. Re1 Rac8 13. e5 dxe5 14. dxe5 Rfd8 15. Qb3 Nd4 16. Qxb7 Rc7 17. b4 Rxb7 18. bxa5 Nxf3+ 19. gxf3 Nd5 20. Rad1 Rbd7 21. Nxd5 Rxd5 22. Rxd5 Rxd5 23. a6 Ra5 24. Rc1 h5 25. Rc6 Bxe5 26. Be3 f5 27. Bxa7 Kf7 28. Bc5 Bb8 29. a3 Bd6 30. Bxd6 exd6 31. Rxd6 Rxa3 32. Kg2 h4 33. f4 Ra4 34. Kf3 Ra3+ 35. Ke2 Rxh3 36. Rd3 Rh1 37. Rd1 Rh3 38. Ra1 Rc3 39. a7 1-0

[Event "RUS-chT U18"]
[Site "St Petersburg"]
[Date "2015.08.07"]
[Round "7.54"]
[White "Bregman, Ilya"]
[Black "Stasenko, Alexey"]
[Result "0-1"]
[WhiteElo "1695"]
[BlackElo "2092"]
[PlyCount "108"]
[EventDate "2015.08.01"]
[EventType "team-swiss"]
[EventRounds "9"]
[EventCountry "RUS"]
[SourceTitle "CBM 167 Extra"]
[Source "ChessBase"]
[SourceDate "2015.09.14"]
[SourceVersion "1"]
[SourceVersionDate "2015.09.14"]
[SourceQuality "1"]
[WhiteTeam "Perovo II"]
[BlackTeam "SPbRDOO Peter Rook II"]
[WhiteTeamCountry "RUS"]
[BlackTeamCountry "RUS"]

1. d4 Nf6 2. c4 e6 3. Nc3 c5 4. d5 exd5 5. cxd5 d6 6. e4 g6 7. Bg5 Bg7 8. g3 a6 9. a4 0-0 10. Bg2 Qa5 11. Nge2 Qb4 12. Qc2 Nbd7 13. 0-0 Ne5 14. f4 Nc4 15. e5 Ng4 16. Na2 Qxb2 17. Qxb2 Nxb2 18. Be7 Re8 19. Bxd6 Nxa4 20. Nac3 Nxc3 21. Nxc3 Ne3 22. Rfb1 Nxg2 23. Kxg2 c4 24. Nb5 Bf5 25. Nc7 Bxb1 26. Rxb1 b5 27. Bb4 Red8 28. Be7 Bf8 29. Bxd8 Rxd8 30. d6 Bxd6 31. exd6 Rxd6 32. Ra1 b4 33. Nxa6 b3 34. Nb4 c3 35. Kf3 Rd4 36. Nc6 Rd2 37. Ke3 Ra2 38. Re1 b2 39. Kd3 Ra1 40. Kxc3 Rxe1 41. Kxb2 Re2+ 42. Kc3 Rxh2 43. Kd4 Rg2 44. g4 Rxg4 45. Ke3 f5 46. Kf3 Rg1 47. Ne5 Kg7 48. Kf2 Ra1 49. Kg3 h6 50. Kh4 Ra4 51. Kg3 g5 52. fxg5 hxg5 53. Nf3 Ra3 54. Kf2 Rxf3+ 0-1

[Event "RUS-chT U18"]
[Site "St Petersburg"]
[Date "2015.08.02"]
[Round "2.42"]
[White "Golikov, Daniil"]
[Black "Stasenko, Alexey"]
[Result "1-0"]
[WhiteElo "1995"]
[BlackElo "2092"]
[PlyCount "93"]
[EventDate "2015.08.01"]
[EventType "team-swiss"]
[EventRounds "9"]
[EventCountry "RUS"]
[SourceTitle "CBM 167 Extra"]
[Source "ChessBase"]
[SourceDate "2015.09.14"]
[SourceVersion "1"]
[SourceVersionDate "2015.09.14"]
[SourceQuality "1"]
[WhiteTeam "SDYuSShOR SS III"]
[BlackTeam "SPbRDOO Peter Rook II"]
[WhiteTeamCountry "RUS"]
[BlackTeamCountry "RUS"]

1. d4 Nf6 2. c4 c5 3. e3 cxd4 4. exd4 d5 5. Nc3 Nc6 6. Nf3 g6 7. cxd5 Nxd5 8. Bc4 Nb6 9. Bb5 Bg7 10. 0-0 0-0 11. Bxc6 bxc6 12. h3 Nd5 13. Ne4 Qb6 14. b3 Bf5 15. Nc5 Rad8 16. Na4 Qb4 17. Bd2 Qd6 18. Ba5 Rb8 19. Qd2 Nb4 20. Bxb4 Rxb4 21. Rac1 Rb5 22. Qe3 Rc8 23. Rfe1 Be6 24. Nc5 Bd5 25. Ne5 f5 26. f4 Rd8 27. Qc3 g5 28. fxg5 Bf7 29. Kh1 Bd5 30. a4 Rbb8 31. a5 e6 32. a6 Re8 33. Red1 Qe7 34. Qg3 Rbc8 35. h4 Kh8 36. Qf4 Bf8 37. h5 Qc7 38. Rc3 Bd6 39. g6 Re7 40. Qg5 Bxe5 41. dxe5 Rg7 42. Rg3 Rcg8 43. Rxd5 exd5 44. Ne6 Qe7 45. Qf6 Re8 46. Nxg7 Qxf6 47. exf6 1-0

[Event "Chigorin Memorial 22nd"]
[Site "St Petersburg"]
[Date "2014.10.22"]
[Round "5"]
[White "Stasenko, Alexey"]
[Black "Smirnov, Mikhail"]
[Result "0-1"]
[WhiteElo "1874"]
[BlackElo "2147"]
[PlyCount "74"]
[EventDate "2014.10.18"]
[EventType "swiss"]
[EventRounds "9"]
[EventCountry "RUS"]
[SourceTitle "EXT 2015"]
[Source "ChessBase"]
[SourceDate "2014.11.20"]
[SourceVersion "1"]
[SourceVersionDate "2014.11.20"]
[SourceQuality "1"]

1. e4 e5 2. Nf3 Nc6 3. d4 exd4 4. Nxd4 Qh4 5. Nc3 Bb4 6. Ndb5 Ba5 7. Bd2 a6 8. Na3 b5 9. Bd3 Nf6 10. g3 Qh3 11. Nd5 Nxd5 12. exd5 Bxd2+ 13. Qxd2 Ne7 14. 0-0-0 0-0 15. Be4 d6 16. Qa5 Qd7 17. f4 Bb7 18. c3 Rfe8 19. Rhe1 Rac8 20. Qb4 Qh3 21. Qd4 Rcd8 22. Nc2 Nf5 23. Qa7 Bc8 24. Qxc7 Qxh2 25. Nb4 Qxg3 26. Nd3 g6 27. Kb1 Kg7 28. a3 Rd7 29. Qb6 Rde7 30. Ne5 Qxf4 31. Nd3 Qg3 32. Qc6 Bd7 33. Qb7 Ne3 34. Rg1 Qh4 35. Bf3 Nxd1 36. Rxd1 Qg3 37. Bh1 Bg4 0-1